000
00182 a2200085 4500
020
_a
9780545698320
100
_a
Remkiewicz, Frank
245
_a
Gus, la estrella de navidad
942
_c
BK
999
_c
12538
_d
12538